[Event "Unterfranken-ch M2 54th"]
[Site "Moembris"]
[Date "2003.04.25"]
[Round "8"]
[White "Ernst, Hanns"]
[Black "Susallek, Markus"]
[Result "0-1"]
[WhiteElo "1841"]
[BlackElo "1862"]
[PlyCount "87"]
[EventDate "2003.04.21"]
[EventType "swiss"]
[EventRounds "9"]
[EventCountry "GER"]
[SourceTitle "EXT 2015"]
[Source "ChessBase"]
[SourceDate "2014.11.20"]
[SourceVersion "1"]
[SourceVersionDate "2014.11.20"]
[SourceQuality "1"]

1. d4 Nf6 2. c4 g6 3. Nc3 d5 4. cxd5 Nxd5 5. e4 Nxc3 6. bxc3 Bg7 7. Nf3 0-0 8. Rb1 c5 9. Qd2 Nc6 10. d5 Na5 11. c4 b6 12. Bd3 Qc7 13. Bb2 e5 14. Qc2 Nb7 15. 0-0 Re8 16. h3 Nd6 17. Rfe1 Bb7 18. Bc3 Rad8 19. a4 Bc8 20. g4 h5 21. Nh2 hxg4 22. hxg4 Qe7 23. Kg2 f5 24. f3 Bh6 25. Bd2 Bxd2 26. Qxd2 Kf7 27. Rh1 Rh8 28. Rbg1 Rdf8 29. exf5 gxf5 30. Qc2 Ke8 31. Bxf5 Nxf5 32. gxf5 Bxf5 33. Qe2 Bh3+ 34. Kf2 e4 35. Ke1 exf3 36. Nxf3 Rxf3 37. Qxe7+ Kxe7 38. Rg7+ Rf7 39. Rg3 Rfh7 40. Rhg1 Bd7 41. a5 Rh1 42. axb6 Rxg1+ 43. Rxg1 axb6 44. Rg6 0-1

[Event "Unterfranken-ch M2 54th"]
[Site "Moembris"]
[Date "2003.04.24"]
[Round "6"]
[White "Drewes, Thomas"]
[Black "Ernst, Hanns"]
[Result "1/2-1/2"]
[WhiteElo "1817"]
[BlackElo "1841"]
[PlyCount "34"]
[EventDate "2003.04.21"]
[EventType "swiss"]
[EventRounds "9"]
[EventCountry "GER"]
[SourceTitle "EXT 2015"]
[Source "ChessBase"]
[SourceDate "2014.11.20"]
[SourceVersion "1"]
[SourceVersionDate "2014.11.20"]
[SourceQuality "1"]

1. c4 Nf6 2. g3 g6 3. Bg2 Bg7 4. Nc3 0-0 5. Nf3 d6 6. 0-0 Nbd7 7. d3 c6 8. Bd2 Re8 9. Rb1 Nf8 10. b4 a6 11. a4 Bd7 12. a5 b5 13. cxb5 axb5 14. Be3 Qb8 15. Qc1 Rc8 16. Qa3 Ra6 17. h3 Ne6 1/2-1/2